<?xml version="1.0" encoding="UTF-8"?>
<record
    xmlns:xsi="http://www.w3.org/2001/XMLSchema-instance"
    xsi:schemaLocation="http://www.loc.gov/MARC21/slim http://www.loc.gov/standards/marcxml/schema/MARC21slim.xsd"
    xmlns="http://www.loc.gov/MARC21/slim">

  <leader>01185nam a2200157   4500</leader>
  <datafield tag="999" ind1=" " ind2=" ">
    <subfield code="c">509501</subfield>
    <subfield code="d">509501</subfield>
  </datafield>
  <controlfield tag="008">190510b           ||||| |||| 00| 0 eng d</controlfield>
  <datafield tag="100" ind1=" " ind2=" ">
    <subfield code="a">Sanabria-Pulido, Pablo</subfield>
    <subfield code="9">5397</subfield>
  </datafield>
  <datafield tag="245" ind1=" " ind2=" ">
    <subfield code="a">Public service motivation and job sector choice: evidence from a developing country</subfield>
  </datafield>
  <datafield tag="260" ind1=" " ind2=" ">
    <subfield code="c">2018</subfield>
  </datafield>
  <datafield tag="300" ind1=" " ind2=" ">
    <subfield code="a">p.1107-1118.</subfield>
  </datafield>
  <datafield tag="520" ind1=" " ind2=" ">
    <subfield code="a">This article explores the determinants of actual job sector decisions of highly skilled professionals across four different sectors in a developing country, with a particular interest in the relationship with public service motivation (PSM). Unlike most previous cross-sectional studies, it uses a pooled time series of individual antecedents and job characteristics, both before and after the individuals leave the job market to pursue graduate education abroad. The results indicate that there are key differences in terms of the determinants of job sector choices across the four sectors, and that PSM appears to have a differential role on the attraction of individuals to each of those sectors. - Reproduced.</subfield>
  </datafield>
  <datafield tag="650" ind1=" " ind2=" ">
    <subfield code="a">Motivation</subfield>
    <subfield code="9">5398</subfield>
  </datafield>
  <datafield tag="773" ind1=" " ind2=" ">
    <subfield code="a">International Journal of Public Administration</subfield>
  </datafield>
  <datafield tag="906" ind1=" " ind2=" ">
    <subfield code="a">Civil service</subfield>
  </datafield>
  <datafield tag="942" ind1=" " ind2=" ">
    <subfield code="2">ddc</subfield>
    <subfield code="c">AR</subfield>
  </datafield>
  <datafield tag="952" ind1=" " ind2=" ">
    <subfield code="0">0</subfield>
    <subfield code="1">0</subfield>
    <subfield code="2">ddc</subfield>
    <subfield code="4">0</subfield>
    <subfield code="7">0</subfield>
    <subfield code="9">383441</subfield>
    <subfield code="a">IIPA</subfield>
    <subfield code="b">IIPA</subfield>
    <subfield code="d">2019-05-10</subfield>
    <subfield code="h">41(13), Oct, 2018: p.1107-1118.</subfield>
    <subfield code="p">AR119670</subfield>
    <subfield code="r">2019-05-10</subfield>
    <subfield code="y">AR</subfield>
  </datafield>
</record>
